|
|
|
|
| LEADER |
01007nab a2200277 i 4500 |
| 001 |
publ23939 |
| 005 |
20220401150417.0 |
| 008 |
220401s2014 hu o 0|| Angol d |
| 022 |
|
|
|a 1786-271X
|
| 024 |
7 |
|
|a 2966379
|2 mtmt
|
| 040 |
|
|
|a SZTE Publicatio Repozitórium
|b hun
|
| 041 |
|
|
|a Angol
|
| 100 |
1 |
|
|a Bede Ádám
|
| 245 |
1 |
0 |
|a Preliminary results of an archaeometrical study of the Ecse-halom (kurgan) in Hortobágy, Hungary
|h [elektronikus dokumentum] /
|c Bede Ádám
|
| 260 |
|
|
|c 2014
|
| 300 |
|
|
|a 251-262
|
| 490 |
0 |
|
|a ARCHEOMETRIAI MŰHELY
|v 11 No. 4
|
| 650 |
|
4 |
|a Föld- és kapcsolódó környezettudományok
|
| 700 |
0 |
1 |
|a Csathó András István
|e aut
|
| 700 |
0 |
1 |
|a Czukor Péter
|e aut
|
| 700 |
0 |
1 |
|a Páll Dávid Gergely
|e aut
|
| 700 |
0 |
1 |
|a Sümegi Balázs Pál
|e aut
|
| 700 |
0 |
1 |
|a Náfrádi Katalin
|e aut
|
| 700 |
0 |
1 |
|a Szilágyi Gábor
|e aut
|
| 700 |
0 |
1 |
|a Sümegi Pál
|e aut
|
| 856 |
4 |
0 |
|u http://publicatio.bibl.u-szeged.hu/23939/1/EPA00846_archeometriai_muhely_2014_04_251-262.pdf
|z Dokumentum-elérés
|